000 00422cam a22001337a 4500
008 180718b1967 xxu||||| |||| 00| 0 eng d
082 _aT203454 In2
100 _aIndia Planning Comission
245 _aIndustrial planning and licensing policy final report
_cby India Planning Comission
260 _aDelhi
_bDelhi Manager Publications
_c1967
300 _a64p
650 _aLicenses --India.
650 _aIndustries --India
999 _c417746
_d417746